Statystyki dla 10 państw Afryki wysuniętych najbardziej na wschód

Kliknij tutaj aby rozwiązać quiz!

Ogólne statystyki

  • Ten quiz został rozwiązany 367 razy
  • Średni wynik to 8 z 10

Statystyki odpowiedzi

DługośćPaństwo% Poprawnych
51 ° 27 ′ E.Somalia
94%
48 ° 00 ′ E.Etiopia
91%
50 ° 40'EMadagaskar
91%
43 ° 07'EErytrea
86%
41 ° 00'EKenia
85%
56 ° 16'ESeszele
83%
43 ° 25 ′ E.Dżibuti
81%
63 ° 30 ′ E.Mauritius
81%
44 ° 32'EKomory
77%
40 ° 45'EMozambik
77%

Rozkład punktacji

Percentyl według liczby udzielonych odpowiedzi

Procent ludzi z każdym wynikiem

Twoja historia wyników

Nie rozwiązałeś tego quizu